• 首页
  • 本馆介绍
  • 公告通知
  • 最新文献
  • 馆藏检索
  • 电子资源
  • 读者导购
  • 参考咨询
  • 我的图书馆
  • 登录
  • 详细信息显示
  • 放入我的书架
  • 预约/预借图书
  • 作者相关作品
  • 分类相关作品
  • 丛书相关作品
  • 出版社相关作品

书目信息

  • 表格格式
  • 工作单格式
  • 卡片格式
题名:
非银盐成相体系
    
 
作者: 中科院化学所 编
分册:  
出版信息: 北京   科学出版社  1983.3
页数: 285页
开本: 20cm
丛书名:
单 册:
中图分类: TB812
科图分类:
主题词: 摄影--理论
电子资源:
ISBN:
000 00555nam0 2200193 45
001 0312221749
005 20031222170909.7
010    @dCNY1.15
100    @a20031222d1983 km y0chiy0120 ea
101    @achi
105    @a z 000yy
200 1  @a非银盐成相体系@AFei Yin Yan Cheng Xiang Ti Xi@f中科院化学所编@FZhong Ke Yuan Hua Xue Suo Bian
210    @a北京@c科学出版社@d1983.3
215    @a285页@d20cm
606 0  @a摄影@x理论
690    @aTB812@v3
701 0  @a中科院化学所@4编
801    @aCN@bTSTCL@c20031222
905    @a213230@dTB812@e114@b156741-744@f4
    
    非银盐成相体系/中科院化学所编.-北京:科学出版社,1983.3
    285页;20cm
    
    
    ISBN :CNY1.15
    
●
相关链接 在E读中查询图书 在五车中查询图书 在当当中查询图书 在豆瓣中查询图书


正题名:非银盐成相体系     索取号:TB812/114         预约/预借

序号 登录号 条形码 馆藏地/架位号 状态 备注
1 0156741   001360994   第三借阅区/ [索取号:TB812/114] 在馆    
2 0156742   001361038   第三借阅区/ [索取号:TB812/114] 在馆    
3 0156743   001361074   密集书库/ [索取号:TB812/114] 在馆    
4 0156744   001361118   密集书库/ [索取号:TB812/114] 在馆    
5 0156745   202452005   第二样本阅览室/ [索取号:TB812/114] 在馆    
唐山师范学院图书馆 欢迎您!
大连网信软件有限公司© 版权所有